000 00526nam a2200217Ia 4500
003 OSt
005 20220918195749.0
006 a|||||r|||| 00| 0
007 ta
008 220917b |||||||| |||| 00| 0 eng d
024 _a86,213
037 _cTextual
040 _aARTS
_cARTS
_beng
041 _2eng
_aeng
082 _aT:3:B13, J3;K2
245 0 _aMan and number
260 _aSmeltzer
_bDonald
_c1953
650 _aEDUCATION
942 _hT:3:B13, J3;K2
_cTEXL
_2CC
999 _c209913
_d209913